LEADER 01240nam2-2200361---450- 001 990006142280203316 005 20160421150023.0 010 $a978-1-4073-1333-7 035 $a000614228 035 $aUSA01000614228 035 $a(ALEPH)000614228USA01 035 $a000614228 100 $a20140225d2014----km-y0itaa50------ba 101 0 $aeng 102 $aGB 105 $aa|||z|||001yy 200 1 $aChaupisawakasi y la formación del estado Pukara (400 a.C.-350 d.C.) en la Cuenca norte del Titicaca, Perú$fHenry Tantaleán, Carlos Zapata Benites 210 $aOxford$cArchaeopress$d2014 215 $aVIII, 237 P.$cill.$d30 cm 225 2 $aBAR International series$v2687 410 0$1001000018484$12001$v, 2687 607 $aPerù$xArcheologia$2BNCF 676 $a985.01 700 1$aTANTALEÁN,$bHenry$0611787 701 1$aZAPATA BENITES,$bCarlos$0715941 801 0$aIT$bsalbc$gISBD 912 $a990006142280203316 951 $aXI.5. Coll. 12/ 1389$b248433 L.M.$cXI.5. Coll.$d387887 959 $aBK 969 $aUMA 979 $aCHIARA$b90$c20160421$lUSA01$h1500 996 $aChaupisawakasi y la formación del estado Pukara (400 a.C.-350 d.C.) en la Cuenca norte del Titicaca, Perú$91386203 997 $aUNISA LEADER 01929oam 2200517M 450 001 9910716472403321 005 20200213070938.5 035 $a(CKB)5470000002521419 035 $a(OCoLC)1065618050 035 $a(OCoLC)995470000002521419 035 $a(EXLCZ)995470000002521419 100 $a20071213d1927 ua 0 101 0 $aeng 135 $aurcn||||||||| 181 $ctxt$2rdacontent 182 $cc$2rdamedia 183 $acr$2rdacarrier 200 10$aBridge across Ohio River between Mason, W. Va., and Pomeroy, Ohio. January 19, 1927. -- Referred to House Calendar and ordered to be printed 210 1$a[Washington, D.C.] :$c[U.S. Government Printing Office],$d1927. 215 $a1 online resource (3 pages) 225 1 $aHouse report / 69th Congress, 2nd session. House ;$vno. 1800 225 1 $a[United States congressional serial set] ;$v[serial no. 8688] 300 $aBatch processed record: Metadata reviewed, not verified. Some fields updated by batch processes. 300 $aFDLP item number not assigned. 606 $aBridge construction industry 606 $aBridges$xDesign and construction 606 $aBridges 606 $aConstruction industry 606 $aLegislative amendments 606 $aToll bridges 608 $aLegislative materials.$2lcgft 615 0$aBridge construction industry. 615 0$aBridges$xDesign and construction. 615 0$aBridges. 615 0$aConstruction industry. 615 0$aLegislative amendments. 615 0$aToll bridges. 701 $aCooper$b John Gordon$f1872-1955$pRepublican (OH)$01389183 801 0$bWYU 801 1$bWYU 801 2$bOCLCO 801 2$bOCLCQ 906 $aBOOK 912 $a9910716472403321 996 $aBridge across Ohio River between Mason, W. Va., and Pomeroy, Ohio. January 19, 1927. -- Referred to House Calendar and ordered to be printed$93539927 997 $aUNINA